000
00333nam a2200133Ia 4500
005
20251222155157.0
008
251222s9999||||xx |||||||||||||| ||spa||
082
_a
MEQ. 33.2
100
_a
TORO, Ricardo (*)
245
0
_a
Psiquiatria
250
_a
2da. ed.
264
_b
CIB
942
_c
LIB
999
_c
39778
_d
39778